| 000 | 00612nam a22001937a 4500 | ||
|---|---|---|---|
| 999 |
_c187535 _d187535 |
||
| 005 | 20220422124048.0 | ||
| 010 | _aENG-132351 | ||
| 020 |
_a9788192156101 _c200.00 |
||
| 035 | _aEN-115883 | ||
| 037 | _bDBAD/PUB | ||
| 082 | _a181.4 | ||
| 100 | _aBishnoi, Ajit Kumar | ||
| 245 |
_aSpiritual Sense: _bThe Principles/ _cAjit kumar Bishnoi |
||
| 250 | _a1st Edition | ||
| 260 |
_aNew Delhi _bNarayana Publications _c2011 |
||
| 270 |
_a14-E, Basant Lok, Vasant Vihar _bNew Delhi _e110057 _minfo@socialpritualbooks.com _k011-26143403 |
||
| 300 |
_a222p. _c22cm(pbk) |
||
| 942 |
_2ddc _cEN _h181.4 _mBIS |
||